5e déclinaisons neutre Latin. - Statistiques

Statistiques générales
  • Ce quiz a été pris 241 fois
  • Le résultat moyen est 11 sur 12
Statistiques - réponses
Cas Radical Terminaisons % Correct
Nominatif singulier r... -es
100%
Vocatif singulier r... -es
99%
Accusatif singulier r... -em
95%
Ablatif singulier r... -e
94%
Génitif singulier r... -ei
93%
Datif singulier r... -ei
93%
Nominatif pluriel r... -es
90%
Vocatif pluriel r... -es
90%
Accusatif pluriel r... -es
89%
Datif pluriel r... -ebus
81%
Ablatif pluriel r... -ebus
81%
Génitif pluriel r... -erum
81%
Aucun quiz correspondant
Distribution des résultats
% des personnes avec chaque résultat
Percentile par nombre de réponses
Votre historique - résultats
Vous n’avez pas pris ce quiz